Negotiated learning: collaborative monitoring in forest resource management (Record no. 52047)

MARC details
000 -LEADER
fixed length control field 00728nam a2200181 a 4500
008 - FIXED-LENGTH DATA ELEMENTS--GENERAL INFORMATION
fixed length control field 081125s2007 ||||||||||||||||| || u
020 ## - INTERNATIONAL STANDARD BOOK NUMBER
International Standard Book Number 9781933115382
050 ## - LIBRARY OF CONGRESS CALL NUMBER
Classification number SD 391 Neg
100 ## - MAIN ENTRY--PERSONAL NAME
Personal name Guijt, Irene
245 10 - TITLE STATEMENT
Title Negotiated learning: collaborative monitoring in forest resource management
Statement of responsibility, etc. edited by Irene Guijt
260 ## - PUBLICATION, DISTRIBUTION, ETC.
Place of publication, distribution, etc. Washington, DC.
Name of publisher, distributor, etc. Resources for the Future Press
Date of publication, distribution, etc. 2007
300 ## - PHYSICAL DESCRIPTION
Extent xiii,167p.; ill.
350 ## - PRICE (NR) (BK AM CF MU VM SE) [OBSOLETE]
Price 0.00
650 ## - SUBJECT ADDED ENTRY--TOPICAL TERM
Topical term or geographic name entry element FORESTRY
650 ## - SUBJECT ADDED ENTRY--TOPICAL TERM
Topical term or geographic name entry element FORSET MANAGEMENT--CASE STUDIES
650 ## - SUBJECT ADDED ENTRY--TOPICAL TERM
Topical term or geographic name entry element FOREST MONITORING--CASE STUDIES
995 ## - RECOMMENDATION 995 [LOCAL, UNIMARC FRANCE]
-- 0.00
-- CBU-MAIN LIBRARY (Kitwe)
-- 1
-- 0.00
-- 1
-- AVAILABLE
-- Nov 25, 2008
-- Annex Low-Usage Collection
Holdings
Withdrawn status Lost status Source of classification or shelving scheme Damaged status Not for loan Home library Current library Shelving location Date acquired Total Checkouts Full call number Barcode Date last seen Price effective from Koha item type
          CBU-MAIN LIBRARY, KITWE. CBU-MAIN LIBRARY, KITWE.   11/30/2022   SD 391 Neg 738875 11/30/2022 11/30/2022 MONOGRAPH